000 00575nam a2200193Ia 4500
005 20250508163457.0
008 008 250505s9999 xx 000 0 eng d
037 _aDissertations
040 _aFEDL
_beng
_cFEDL
041 _aeng
_2eng
084 _a375.32, BHU/DI
_qFEDL
100 _aBhuvana T S
_9775420
245 0 _aInvestigation into the discontinuity of civics from ninth standard syllabus
260 _c1993
300 _a77p.
546 _aM. Ed. Dissertation (Delhi University)
942 _cDIS
_h375.32, BHU/DI
999 _c1383559
_d1383559